000 01132nam0a22002771 4500
001 rc\3011690
005 20251210144525.0
035 _a(NLR Aleph) 007154191
090 _a7182667
_c7182667
100 _a20090425d1936 u y0rusy50 ca
101 1 _arus
_ceng
102 _aRU
105 _aa z ||||y
200 1 _aЗаметки о докембрии Канадского щита с обзором докембрийской номенклатуры
_fПер. с англ. и ред. геолога Е.Н. Егоровой-Фурсенко
210 _aЛенинград
_cБ. и.
_d1936
215 _a[2], 57 с., 1 л. табл.
_cтабл.
_d26 см
225 1 _aПереводы по геологии и полезным ископаемым
_fНКТП. Гл. геол. упр. Центр. геол. б-ка
_v№ 82
320 _aБиблиогр.: литература (3 назв.)
700 1 _aБрок
_bР.В.
702 1 _aЕгорова-Фурсенко
_bЕ.Н.
_4730
801 0 _aRU
_bNLR
_gpsbo
801 1 _aRU
_bELAR
_2rusmarc
852 _aNLR
_bМф
_jК1/3937
942 _cBOOK
980 _aNB